000 00623nam a22001937a 4500
008 130821s1909 enk gr eng
040 _aCo-BoUCM
_bspa
041 0 0 _aeng
245 0 0 _aShakespeare's comedy of twelfth night
250 _a15a. ed.
260 _aLondres (Inglaterra)
_bJ.M. Dent and Co.
_c1909
300 _a135páginas
500 _aIncluye glosario y notas al final del texto
650 0 4 _aComedia inglesa
_911181
650 0 4 _aLiteratura inglesa
_9272
650 0 4 _aTeatro inglés
_925071
942 _cLIBRO
_a18
_e1
_mS41
_n0
_2DEWEY
_h822.33
999 _c86935
_d86935